000 00466nam a2200169Ia 4500
001 982
008 140312s9999 xx 000 0 und d
020 _a8180520056
040 _cPK-LaUMT
082 _a 152.4076
_bLYN-F
100 _aAdele B. Lynn
245 _a50 activities for developing emotional intelligence
_cAdele B. Lynn
260 _a"New Delhi,India:"
_b"Ane Books,"
_c2003.
300 _a299 p.
650 _aEmotional intelligence-Problems
942 _cBK
999 _c1083
_d1083